000 00724cam a22002533a 4500
001 4505
003 PGUSA
005 20140828083057.0
008 031001s2003||||xxu|||||s|||||000 1 eng d
040 _aPGUSA
_beng
042 _adc
050 4 _aPT
100 1 _aBrentano, Clemens,
_d1778-1842
245 1 0 _aDie drei NĂ¼sse
_h[electronic resource] /
_cClemens Brentano
260 _bProject Gutenberg,
_c2003
506 _aPublic domain in the USA.
516 _aElectronic text
653 _aColmar (Alsace, France and Elsass, Germany) -- Fiction
653 _aShort stories
653 _aChemists -- Fiction
830 0 _aProject Gutenberg
_v4505
856 4 0 _uhttp://www.gutenberg.org/ebooks/4505
942 _cEB
999 _c233834
_d233834